Widok standardowy
Widok MARC
Pozycja Geographic Name
Liczba rekordów, w których użyto hasła: 1
001 - Numer kontrolny
- control field: 40666
003 - Identyfikator numeru kontrolnego
- control field: NUKAT
005 - Data i czas ostatniej modyfikacji
- control field: 20260427131218.0
008 - Dane kontrolne kodowane (40 znaków)
- fixed length control field: 050120n||azznnbabn |a ana |
010 ## - Numer kontrolny Biblioteki Kongresu
- numer kontrolny LC: p 2004309689
034 ## - CODED CARTOGRAPHIC MATHEMATICAL DATA
- Coordinates - westernmost longitude: E0112657
- Coordinates - easternmost longitude: E0112657
- Coordinates - northernmost latitude: N0481530
- Coordinates - southernmost latitude: N0481530
- Source: geonames
035 ## - Numer systemowy
- numer systemowy: a10099657
040 ## - Instytucja sporządzająca rekord
- inst. przygot. dane do rek. khw: WA N
- język haseł przedmiotowych/tezaurus: DBN
- inst. wprow. rek. khw: WA N
043 ## - Kod obszaru geograficznego
- ISO code: DE
151 ## - Hasło - nazwa geograficzna
- nazwa geograficzna: Dachau (Niemcy)
368 ## - Other Attributes
- Juris type: Miasta
510 2# - Trop zob. też - nazwa ciała zbiorowego
- nazwa ciała zbior. lub geogr. na pocz.: Dachau (niemiecki obóz koncentracyjny)
550 ## - Trop zob. też - nazwa pospolita
- nazwa posp. lub nazwa geogr. na pocz.: Procesy załogi Dachau (1945-1948)
682 ## - Informacja o usuniętym haśle
- tekst wyjaśniający: zatwierdzone